000 00719nam a2200217 a 4500
001 59477
005 20180714060438.0
008 140415s2000 mx r 000 0 spa d
020 _a9702400422
041 0 _aspa
082 0 _a657.453
_bHER
100 1 _aHernández Hernández, Enrique,
_eautor
245 1 0 _aAuditoria en informática :
_bun enfoque metodológico y práctico /
_cEnrique Hernández Hernández.
250 _aSegunda edición
264 1 _aMéxico :
_bGrupo Patria Cultural,
_c2000
300 _ax, 323 páginas ;
_c25 cm.
336 _atexto
_2rdacontent
337 _asin mediación
_2rdamedia
338 _avolumen
_2rdacarrier
650 4 _aAuditoria de sistemas
_xInformática
999 _c59477
_d59477